Chinese tea culture.

Bibliographic Details
Main Author: Wang, Ling
Format: Book
Published: Selangor: Pelanduk Publications, 2001.
Subjects:
LEADER 00484cam a2200181 7i4500
001 0000047470
005 20151104090000.0
005 ##20151104161300.0
003 ##MY-KlINT
020 # # |a 9679787788  
039 # 9 |y 201511041613  |z VLOAD 
090 0 0 |a 394.12089951   |b WAN 
100 1 # |a Wang, Ling 
245 0 0 |a Chinese tea culture. 
260 # # |a Selangor:   |b Pelanduk Publications,   |c 2001. 
300 # # |a 154p:   |b ill;   |c 22cm. 
650 # 0 |a Chinese --   |x Social life and custom  
650 # 0 |a Tea-China --   |x History